Archivierung - Katalogierung Deutscher Nichtpostalischer Marken (Record no. 1716)

000 -LEADER
fixed length control field 00361nam a22000977a 4500
008 - FIXED-LENGTH DATA ELEMENTS--GENERAL INFORMATION
fixed length control field 150914b xxu||||| |||| 00| 0 eng d
100 ## - MAIN ENTRY--AUTHOR'S NAME
Author's Name Sollors, Kuno
245 ## - TITLE STATEMENT
Title Archivierung - Katalogierung Deutscher Nichtpostalischer Marken
Remainder of title Abschnitt: Flugwesen
260 ## - PUBLICATION, DISTRIBUTION, ETC. (IMPRINT)
Place of publication, distribution, etc. Coburg, Germany
Name of publisher, distributor, etc. H.H. Welder
Date of publication, distribution, etc. 1971
500 ## - GENERAL NOTE
Materials specified Catalog of German non-postal stamps - "Flight-related"
Holdings
Withdrawn status Lost status Source of classification or shelving scheme Damaged status Koha normalized classification for sorting Not for loan Permanent Location Current Location Date acquired Total Checkouts Full call number Barcode Date last seen Copy number Price effective from
        G6081 P864 S688   Northern Philatelic Library Northern Philatelic Library 09/14/2015   G6081 .P864 S688 1001986 09/14/2015 1 09/14/2015

Powered by Koha